000 00714nam a2200289Ia 4500
008 160803s9999 xx 000 0 und d
020 _a9780786849550
100 _aFlake, Sharon G.
245 _aBang! /
245 _cSharon G. Flake.
260 _aNew York :
260 _bScholastic Inc.
260 _c2005
300 _a298 pages ;
300 _c21 cm
650 _aBereavement --
650 _aChildren -- Crimes against --
650 _aMurder --
650 _aParent and child --
650 _aViolence --
650 _xFiction.
650 _xJuvenile fiction.
650 _xJuvenile fiction.
650 _xJuvenile fiction.
650 _xJuvenile fiction.
700 _a590
999 _c299558
_d299558